000 00909nam a2200265Ia 4500
003 OSt
005 20221005062034.0
006 a|||||r|||| 00| 0
007 ta
008 221004b |||||||| |||| 00| 0 eng d
020 _a0415103177 (pbk)
_c2115.47
024 _a114601
037 _b188/2011-12, 17/02/2012, Pioneer Books Distributors
_cTextual
040 _aCRL
_cCRL
_beng
041 _2eng
_aeng
082 _aV52:1945.D, N1
100 _aDodgeon Michael H Ed.
_9601404
245 0 _aRoman eastern frontier and the Persian wars (AD 226-363)
_b Documentary history
260 _aLondon
_bRoutledge UK
_c1991
300 _axxvii,431p.
_ccm.
650 _aHISTORY
700 _a Lieu Samuel N C Ed.
_9601405
942 _hV52:1945.D, N1
_cTEXL
_2cc
999 _c969115
_d969115